Eine Serienmethode für Reaktionsversuche [I. Die Methode im allgemeine ; II. Die Beschreibung der Apparate ; III. Die Bestimmung der Konstanten der Serienmethode ; IV. Die Anwendung der Serienmethode und die Berechnung der Reaktionszeiten] /

Elmentve itt :
Bibliográfiai részletek
Szerző: Ach Narziss
Dokumentumtípus: Cikk
Megjelent: 1912
Sorozat:Kolligátum
Kulcsszavak:Akarat - pszichológia, Pszichológia - kísérleti, Pszichológia - módszer
Online Access:http://misc.bibl.u-szeged.hu/26041
LEADER 00793nab a2200169 i 4500
001 misc26041
005 20191111110536.0
008 170717s1912 hu o 0|| zxx d
040 |a SZTE Miscellanea Repozitórium  |b hun 
041 |a zxx 
100 1 |a Ach Narziss 
245 1 0 |a Eine Serienmethode für Reaktionsversuche   |h [elektronikus dokumentum] :  |b [I. Die Methode im allgemeine ; II. Die Beschreibung der Apparate ; III. Die Bestimmung der Konstanten der Serienmethode ; IV. Die Anwendung der Serienmethode und die Berechnung der Reaktionszeiten] /  |c  Ach Narziss 
260 |c 1912 
300 |a 1-44 
490 0 |a Kolligátum 
695 |a Akarat - pszichológia, Pszichológia - kísérleti, Pszichológia - módszer 
856 4 0 |u http://misc.bibl.u-szeged.hu/26041/1/018_017_001-044.pdf  |z Dokumentum-elérés